00620nam a22001817a 450000500170000001000150001702000260003203500140005803700130007208200180008510000160010324500940011925000120021326000310022527001390025630000270039570000160042220180215151558.0 aENG-122256 a9788131253908c745.00 aEN-105788 bDBAD/PUB a340210th ed. aRashid, M A aThe ultimate guide to the LLB entrance examination 2018 /cby M A Rashid [and] Nisa Fasil a10th ed aGurgaon bLexisNexisc2018 a14th floor, Building No 10, Tower-B, DLF cyber city, Phase-IIbGurgaone122002mhelp.in@lexisnexis.comk+91 1244774444l+91 1244774100 axxiii1033p.c25cm(pbk) a Nisa Fasil